| 000 | 02234nam a2200229 a 4500 | ||
|---|---|---|---|
| 001 | 000046433 | ||
| 003 | DO-SdBNP | ||
| 005 | 20210913124207.0 | ||
| 008 | 150812s1995 mx a 000 0 spa d | ||
| 020 | _a9683645712 | ||
| 040 |
_aDO-SdBNP _bspa _cBNPHU |
||
| 082 |
_axxxx _bxxxx |
||
| 110 | 2 |
_aAsociación de Bibliotecas Nacionales de Iberoamerica _96156 |
|
| 245 | 1 | 0 |
_aHistoria de las bibliotecas nacionales de iberoamérica : _bpasado y presente / _cCoordinación ; José G. Moreno de Alba y Elsa M. Ramírez Leyva. |
| 250 | _a2ª ed. | ||
| 260 |
_aMéxico D. F. : _bUniversidad Nacional Autónoma de México, _c1995. |
||
| 300 |
_axxiv, 621 p. : _bil. ; _c24 cm. |
||
| 505 | 0 |
_aBiblioteca Nacional de Argentina / _rHugo Acevedo -- _tBiblioteca Nacional de Bolivia / _rRené Arze Aguirre -- _tBiblioteca Nacional de Brasil / _rGilberto Villar de Carvalho -- _tBiblioteca Nacional de Colombia / _rÁlvaro Rodríguez Torres -- _tBiblioteca Nacional de Costa Rica / _rRosario Solano Murillo -- _tBiblioteca Nacional de Cuba / _rAraceli García Carranza y Xonia Jiménez López -- _tBiblioteca Nacional de Chile / _rGonzalo Catalán B. Bernardo Jorquera -- _tBiblioteca Nacional de El Salvador / _rMélida Arteaga -- _tBiblioteca Nacional de España / _rLuis García Ejarque -- _tBiblioteca Nacional de Guatemala / _rVíctor Castillo López -- _tBiblioteca Nacional de Honduras / _rCarlos Wilfredo Maldonado -- _tBiblioteca Nacional de México / _rIgnacio Osorio Romero y Boris Berenzon Gorn -- _tBiblioteca Nacional de Nicaragua / _rFidel Coloma González -- _tBiblioteca Nacional de Panamá / _rFrancisco Javier Solís -- _tBiblioteca Nacional del Paraguay / _rModesta Goyburú y Ma. Elena Torres Sánchez -- _tBiblioteca Nacional del Perú / _rGradys Padró Montezuma y José Tamayo Herrero / _tBiblioteca Nacional de Portugal / _rManuela D. Domingos -- _tBiblioteca Nacional de Puerto Rico / _rHaydeé Muñoz Solá -- _tBiblioteca Nacional de la República Dominicana / _rDiógenes Valdez -- _tBiblioteca Nacional del Uruguay / _rMabel Batto Ochoteco, Alicia Fernández -- _tBiblioteca Nacional de Venezuela / _rLourdes Fierro Bustillos |
|
| 700 | 1 | 2 |
_aRamírez Leyva, Elsa M., _ecoord. _974448 |
| 700 | 1 | 2 |
_aMoreno de Alba, José C., _ecoord. _974449 |
| 942 |
_2ddc _cLBS1 |
||
| 999 |
_c45922 _d45922 |
||